000 01001 a2200277 4500
003 OSt
005 20180116192323.0
008 120207t xxu||||| |||| 00| 0 eng d
010 _a 2001362876
020 _a0074632183
035 _a(DLC) 2001362876
040 _c0
082 0 0 _a720.472
245 0 0 _aClimate responsive architecture :
_ba design handbook for energy efficient buildings /
_ceditors, Arvind Krishan ... [et al.].
260 _aNew Delhi ;
_aNew York :
_bTata McGraw-Hill Pub. Co.,
_cc2001.
300 _axxiii, 409 p. :
_bill., map ;
_c24 x 32 cm.
520 _aPapers presented at an international workshop held in 1995.
650 0 _aDwellings
_xEnergy conservation
700 1 _aKrishan, Arvind.
700 1 _4Baker, Nick
700 1 _4Yannas, Simos
700 1 _4Szokolay, S. V.
942 _aSADA
_cBK
_k720.472 CLI 2001
_2ddc
999 _c352126
_d352126